| 000 | 00925cad a22002055a 4500 | ||
|---|---|---|---|
| 001 | E154632 | ||
| 008 | 120109s2011 xxk f 000 0 eng d | ||
| 020 | _a9781780455075 | ||
| 035 | _a(Sirsi) u154632 | ||
| 041 | 0 | _aeng | |
| 110 | 2 |
_aScotland _bScottish Government _95344 |
|
| 245 | 0 | 0 |
_aAge, home and community _ba strategy for housing for Scotland's older People, 2012-2021 _h[electronic resource] |
| 260 |
_aEdinburgh _bScottish Government _c2011 |
||
| 520 | _aExplains how the Scottish Government will deliver their aim of "shifting the balance of care" for older people, by allowing them to live independently at home for as long as possible. | ||
| 590 | _aKA | ||
| 651 | 4 |
_aScotland _y1999- |
|
| 690 | _aPROPERTY-RESIDENTIAL PROPERTY-DOMESTIC RESIDENTIAL PROPERTY-HOUSING | ||
| 856 | 4 | 0 |
_uhttps://www.scotland.gov.uk/Publications/2011/12/16091323/0 _zView the item free of charge at www.scotland.gov.uk |
| 942 | _n0 | ||
| 999 |
_c113079 _d113079 |
||